00812nam a2200217 i 450000100060000000300090000600500170001500700030003200800410003508000130007610000250008924501310011426000340024530000300027965000250030970000360033470000530037085200320042399900170045595201220047230729ES-MaACL20250910213318.0t|030127s1972 sp ||||1| spa d a552 (02)1 aBayly, Brian.92668510aIntroducción a la petrología / cBrian Bayly ; [traducción por Antonio Cendrero Uceda ; revisado por J.M. Fuster Casas]. aMadrid : bParaninfo, c1972. a437 p. : bil. ; c22 cm. 4aPetrología.9159921 aCendrero Uceda, Antonio.9374051 aFuster Casas, José María, d1923-2000953084 aES-MaACLjC-40944 bR.80268 c30729d30729 00104070aATENEOMbATENEOMcDEPO2d2008-01-17eSCl0oC-40944p1031739r2023-02-23 00:00:00w2023-02-23yMONOGRAFIA